Obálka Náhled e-knihy:
PDF Epub
Pro půjčování e-knih musíte být přihlášeni.
Jak si půjčit online?

Adam ze Zbraslavi a případ královské dcery Elišky /

Další pokračování ze série historických detektivek z Čech počátku 14. století s mladým šlechticem v roli pátrače. Tentokrát se v ohrožení života ocitá Eliška Přemyslovna.

Uloženo v:
Série:V královských službách, část 3
Hlavní autor: Whitton, Hana, 1950- (Autor)
Médium: E-kniha
Jazyk:Czech
Vydáno: V Praze : Vyšehrad, 2023
Vydání:Vydání první
Edice:Historická detektivka
Témata:
Příbuzné jednotky:Z cyklu:: V královských službách
Tagy:
Žádné tagy
LEADER 02641nam a2200481 i 4500
001 311979
003 CZ PrSKC
005 20260601215715.0
007 ta
008 230510s2023 xr g 000 f cze
015 |a cnb003520066 
020 |a 9788076018006  |q (vázáno) :  |c Kč 349,00 
035 |a (OCoLC)1381701410 
040 |a ABG001  |b cze  |e rda 
072 7 |a 821.162.3-3  |x Česká próza  |2 Konspekt 
080 |a 821.162.3-31  |2 MRF 
080 |a (0:82-312.4)  |2 MRF 
080 |a (0:82-311.6)  |2 MRF 
100 1 |a Whitton, Hana,  |d 1950-  |7 jn19981001688  |4 aut 
245 1 0 |a Adam ze Zbraslavi a případ královské dcery Elišky /  |c Hana Whitton 
250 |a Vydání první 
264 1 |a V Praze :  |b Vyšehrad,  |c 2023 
300 |a 206 stran ;  |c 21 cm 
336 |a text  |b txt  |2 rdacontent 
337 |a bez média  |b n  |2 rdamedia 
338 |a svazek  |b nc  |2 rdacarrier 
490 1 |a Historická detektivka 
500 |a Na hřbetu knihy: 3 
520 2 |a Další pokračování ze série historických detektivek z Čech počátku 14. století s mladým šlechticem v roli pátrače. Tentokrát se v ohrožení života ocitá Eliška Přemyslovna.  |b Šlechtic Adam ze Zbraslavi je po krátkém pobytu v klášteře opět povolán ke královskému dvoru. O pomoc ho tentokrát požádala jeho chráněnka Alžběta, která se strachuje o život své tety Elišky Přemyslovny. Dvě dvorní dámy za podivných okolností zemřely - a zdá se, že nešlo jen o zločiny z vášně. V královské rodině se totiž rozhořel boj o korunu. Podaří se Adamovi ze Zbraslavi rozplést politické pozadí zločinů a dopadnout pachatele dřív, než sáhne smrt i po samotné Přemyslovně? Nakladatelská anotace. 
655 7 |a české romány  |7 fd133974  |2 czenas 
655 7 |a detektivní romány  |7 fd132010  |2 czenas 
655 7 |a historické romány  |7 fd132414  |2 czenas 
655 9 |a Czech fiction  |2 eczenas 
655 9 |a detective novels  |2 eczenas 
655 9 |a historical novels  |2 eczenas 
787 0 8 |i Z cyklu:  |t V královských službách  |g 3 
830 0 |a Historická detektivka 
900 |a ABA001  |b 21 
928 9 |a Albatros Media - Vyšehrad 
044 |a xr 
910 |a RBIT002 
998 |d 379610  |a https://core.palmknihy.cz/api/books/379610/cover?si64jl  |b https://core.palmknihy.cz/api/books/379610/cover/400?si64jl  |c https://core.palmknihy.cz/api/books/379610/cover/50?si64jl  |e 2033-12-31  |g 216  |i 9788076018006  |j https://core.palmknihy.cz/api/books/379610/preview.epub  |k https://core.palmknihy.cz/api/books/379610/preview.pdf  |l   |q 49  |r 1  |s https://www.palmknihy.cz/kniha/379610  |t ebook  |y 2023  |z 0  |v V královských službách  |w 3 
999 |d 311977